• Bocage Peter

di Personal Name

Records bibliografici associati: 1

001 - CONTROL NUMBER

  • control field: 13578

003 - CONTROL NUMBER IDENTIFIER

  • control field: IT-RoPau

005 - DATE AND TIME OF LATEST TRANSACTION

  • control field: 20140214170017.0

008 - FIXED-LENGTH DATA ELEMENTS

  • fixed length control field: 140214|| aca||aabn | a|a d

040 ## - CATALOGING SOURCE

  • Original cataloging agency: IT-RoPau
  • Transcribing agency: IT-RoPau

100 ## - HEADING--PERSONAL NAME

  • Personal name: Bocage Peter
  • Dates associated with a name: Codice autore SPICS: 16261
  • Relator term: Autore
  • Name of part/section of a work: Bouncing Around

670 ## - SOURCE DATA FOUND

  • Source citation: Work cat.: (IT-RoPau)100041: AA.VV. 794, New Orleans
CREDITS: SOCIETA' SAN PAOLO Via A.Severo, 58 - ROMA (RM) & PERIODICI SAN PAOLO SRL Via Giotto, 36 MILANO & CISF Via Giotto, 36 MILANO & EDIZIONI SAN PAOLO SRL,  Piazza Soncino, 5 CINISELLO BALSAMO (MI) -- ITALY